mysqli: Table './ulib62015/stat_globaluid' is marked as crashed and should be repaired
select id from stat_globaluid where statuid='20260517145827_2711'
mysqli: Table './ulib62015/stat_globaluid' is marked as crashed and should be repaired
DELETE FROM stat_globaluid
WHERE id NOT IN (
SELECT id
FROM (
SELECT id
FROM stat_globaluid
ORDER BY id DESC
LIMIT 100
) foo
);
mysqli: Table './ulib62015/stat_globaluid' is marked as crashed and should be repaired
insert into stat_globaluid set
statuid='20260517145827_2711',
dt='1779004707',
phpself='/ULIB62015/dublinfull.php',
agent='Mozilla/5.0 AppleWebKit/537.36 (KHTML, like Gecko; compatible; ClaudeBot/1.0; +claudebot@anthropic.com)',
yea='2026',
mon='5',
dat='17',
ip='216.73.216.45'
mysqli: Table './ulib62015/stathist_viewbib_bib_type' is marked as crashed and should be repaired
insert into stathist_viewbib_bib_type set
dat='17' ,
mon='05' ,
yea='2026' ,
statuid='20260517145827_2711' ,
head='27561' ,
foot='marc' ,
dt='1779004707'
| LEADER : 01174nam 2200277 a 4500 |
| 001 27561 |
| 003 ULIB |
| 008 030417s caua sb 001 0 tha |
| 020 ^a9742724725 (ล.1)
|
| 060 4 ^aQV760^bช193ค
|
| 100 ^aชยันต์ พิเชียนสุนทร
|
| 245 10 ^aคู่มือเภสัชกรรมแผนไทย^nเล่ม1 :^bน้ำกระสายยา /^cชยันต์ พิเชียรสุนทร, วิเชียร จีรวงส์
|
| 246 32 ^aน้ำกระสายยา
|
| 250 ^aพิมพ์ครั้งที่ 1
|
| 260 ^aกรุงเทพฯ :^bอมรินทร์,^c2545
|
| 300 ^a94 หน้า :^bภาพประกอบสี;^c21 ซม.
|
| 650 4 ^aเครื่องยา
|
| 650 4 ^aยาสมุนไพร
|
| 650 4 ^aการแพทย์แผนไทย
|
| 700 0 ^aวิเชียร จีรวงส์
|
| 945 ^p0^l0^i004006
|
| 945 ^p199^l0^i004008
|
| 945 ^p0^l0^i007296
|
| 945 ^p0^l0^i004007
|
| 945 ^p0^l0^i006799 |
| 999 ^alib
|
| คุณยังไม่ได้ล็อกอิน คุณสามารถมีกิจกรรมร่วมกับเว็บไซต์ได้ แต่ต้องล็อกอินก่อน :: |
|
|
|
รายการใกล้เคียง
หัวเรื่อง [เครื่องยา] หัวเรื่อง [ยาสมุนไพร] หัวเรื่อง [การแพทย์แผนไทย]
|
|
ยังไม่เคยถูกคอมเมนท์
|
| คอมเมนท์ทรัพยากรรายการนี้ |
|